000 00470nam a2200181Ia 4500
001 5139
005 20260306145846.0
008 260306t2014||||xx |||||||||||||| ||spa||
041 _aESP
082 _a333.911
_bZ58
100 _aZegarra Méndez, Eduardo
_eAUT
245 0 _aEconomía del agua:
_bconceptos y aplicaciones para una mejor gestión
260 _c2014
300 _a221 páginas :
_c23 cm.
650 _aGEN
654 _aCAN
942 _cLIB
_dJUS
_fJUS
_2ddc
_n
999 _c5139
_d5139